000 00365nam a2200145Ia 4500
008 210210b2005 xxu||||| |||| 00| 0 eng d
082 _a346.07 MAIT
100 _aMAIYA (Umesh).
245 _aText book of commercial law.
260 _aUdupi
_bPrajna Prakashana
_c2005
300 _a188
650 _acommercial law
690 _aMercantile Law
906 _a059992
999 _c106941
_d106941